000 00702nam a22002297a 4500
003 UA-OsUOA
001 69806
007 ta
008 20100706b un ||||| |||| 00| 0 ukr d
100 _aДенисов В. Н.
090 _a340
_bД33
942 _cBK
040 _aUA-OsUOA
_brus
_cUA-OsUOA
_dUA-OsUOA
245 _aСистемы права развивающихся стран
_bМонография
300 _a277 с.
955 _a1
041 _arus
080 _a340
260 _aК.
_bНаукова думка
_c1978
650 7 _a340 Право в цілому. Пропедевтика. Методи та допоміжні правничі науки
_2UDC
999 _c356135
_d356135